00262nam a2200097 a 450000500170000000800410001705000180005810000230007624500220009926000430012120140414131856.0100901s19uu xx 00 eng d aFILbB34 2009 aTobias, Mae Astrid aBayong ng kuting. aManila, Philippines :bLampara,c2009.